00660 2200253 4500001002100000005001500021035002000036007000300056008004100059020002200100082001000122084001600132100002200148245006800170260003600238300003800274650001000312990001400322990001400336990001400350990001400364990001400378990001400392INLIS00000000003029020191113015919 a0010-1119000118ta191113 c 1 ind  a978-602-6699-03-9 aFiksi aFiksi Bra a0 aBrandon Sanderson1 aAlcatraz vs The Evil Librarians : Buku Empat The Shattered Lens aBandung :bMizan Pustaka,c2017 a268 hlm :bIlus ;c13,1 x 20,4 cm aFiksi aB00819648 aB00819644 aB00819645 aB00819646 aB00819647 aB00819649